Текущая статистика. Вып. 12 (16) (Запись № 4874130)

Подробности
000 -МАРКЕР
контрольное поле 00937nam2a22002291 4500
001 - ИДЕНТИФИКАТОР ЗАПИСИ
контрольное поле v19\rc\2094402
005 - ИДЕНТИФИКАТОР ВЕРСИИ
контрольное поле 20250620032101.0
035 ## - ДРУГИЕ СИСТЕМНЫЕ НОМЕРА
Идентификатор записи (NLR Aleph) 005148267
100 ## - ДАННЫЕ ОБЩЕЙ ОБРАБОТКИ
Данные общей обработки 20081218d1917 |||y0rusy50 ca
101 0# - ЯЗЫК РЕСУРСА
Язык текста, звукозаписи и т.д. русский
102 ## - СТРАНА ПУБЛИКАЦИИ ИЛИ ПРОИЗВОДСТВА
Страна публикации Российская Федерация
105 ## - ПОЛЕ КОДИРОВАННЫХ ДАННЫХ: ТЕКСТОВЫЕ МАТЕРИАЛЫ, МОНОГРАФИЧЕСКИЕ
Кодированные данные о монографическом текстовом документе y z |||||
200 0# - ЗАГЛАВИЕ И СВЕДЕНИЯ ОБ ОТВЕТСТВЕННОСТИ
Основное заглавие Вып. 12 (16)
210 ## - ПУБЛИКАЦИЯ, РАСПРОСТРАНЕНИЕ И ДР.
Дата издания, распространения и т.д. [1917]
Место издания, распространения и т.д. Б. м.
300 ## - ОБЩИЕ ПРИМЕЧАНИЯ
Текст примечания На тит. л. ошибочно: Вып. 10 (14)
461 #0 - УРОВЕНЬ НАБОРА
Встроенное поле 001v19\rc\2094395
-- 2001#$aТекущая статистика$fГУЗ и З. Пересел. упр. Стат. отд. Забайкал. пересел. района$vВып. 12 (16)
Системный номер (АБИС) связанной записи 4874102
Место публикации Чита
Дата публикации 1914-1918
Первые сведения об ответственности ГУЗ и З. Пересел. упр. Стат. отд. Забайкал. пересел. района
Заглавие Текущая статистика
Номер тома Вып. 12 (16)
801 #0 - ИСТОЧНИК ЗАПИСИ
Страна Российская Федерация
Организация NLR
Правила каталогизации psbo
801 #1 - ИСТОЧНИК ЗАПИСИ
Страна Российская Федерация
Организация ProSoft-M
Источник данных rusmarc
852 ## - МЕСТОНАХОЖДЕНИЕ И ШИФР ХРАНЕНИЯ
Идентификатор организации NLR
Шифр хранения (Call Number) 37.68.1.26
942 ## - ДОПОЛНИТЕЛЬНЫЕ ЭЛЕМЕНТЫ ЗАПИСИ (АБИС)
Тип экземпляра АБИС Книга
980 ## - КОЛЛЕКЦИЯ
Название коллекции Национальная библиография
Экземпляры
Тип экземпляра Дата поступления Библиотека постоянного хранения Библиотека текущего хранения Место хранения Шифр хранения Штрих-код Статус экземпляра
Книга 26.10.2013 РНБ (Садовая) РНБ (Садовая) Русский книжный фонд -Главное здание, Ленинский читальный зал 37.68.1.26 5148267-10